01128nas a2200301 4500001001300000003000900013005001700022007000300039008003400042040005400076041000900130072000800139100002500147100001800172100002100190100001600211245008500227246008100312650001400393650002400407650002700431650002100458773011700479909004000596942001800636999001900654952015300673BR2012000226BR-BrBNA20231205115930.0ta230509b bl.|||p| |||| 00| 00por d aBR-BrBNAbporcBiblioteca Nacional de Agricultura a(Pt) aF021 aArrigoni-Blank, M.F.1 aAlmeida, S.A.1 aOliveira, A.C.L.1 aBlank, A.F.1 aMicropropagação e aclimatização de gerânio (Pelargonium graveolens L.)1 aMicropropagation and acclimatization of geranium (Pelargonium graveolens L.) aGERÂNIO aMICROPROPAGAÇÃO aREPRODUÇÃO VEGETAL aPLANTA MEDICINAL0 tRevista Brasileira de Plantas Medicinais (Brazil)xISSN 1516-0572g(Aug 2011), v. 13(3) p. 271-275wBR2012000226 a202311bLúciac55dLúcia Elande 2AGRISn0cANA c216358d216358 002AGRIS4071a41918b41918cPeriódicos Agrícolash(Aug 2011), v. 13(3) p. 271-275l0r2023-11-29t01yCRePortaria Interministerial nº 164/94